| 000 | 00651nam a22002177a 4500 | ||
|---|---|---|---|
| 003 | DO-SdBPM | ||
| 005 | 20250530091019.0 | ||
| 008 | 171121b1972 sp 00| 0 spa d | ||
| 040 |
_aDO-SdBPM _bspa _cBPMSU |
||
| 082 | 4 |
_a741.5 _bS481n 1972 _222 |
|
| 100 | 1 |
_aSerafín _d1926-2003 |
|
| 245 | 1 | 4 |
_aLas nobles brutas / _cSerafín |
| 260 |
_aBarcelona : _bBiblioteca Universal Planeta, _c1972 |
||
| 300 |
_a206 p. : _bil., ; _c20 cm. |
||
| 490 | 0 |
_aBiblioteca universal planeta, _ala nariz |
|
| 590 | _aInventariado, 2025/VM | ||
| 650 | 4 | _a Humorismo gráfico español | |
| 650 | 4 | _aCaricatura | |
| 910 | _aVMateo V. Control de calidad. BPMSU | ||
| 942 |
_2ddc _cBK |
||
| 999 |
_c12979 _d12979 |
||